Statistics for Countries Ending with I

Click here to take the quiz!

General Stats

  • This quiz has been taken 77 times
  • The average score is 7 of 9

Answer Stats

country% Correct
Kiribati
95%
Fiji
84%
Burundi
75%
Djibouti
75%
Haiti
74%
Malawi
72%
Eswatini
70%
Mali
70%
Brunei
64%

Score Distribution

Percentile by Number Answered

Percent of People with Each Score

Your Score History

You have not taken this quiz